Phương thức tiền tố đơn thuần cấu tạo tính từ tính chất của tiếng Nga
Na minha lista:
| Autor principal: | |
|---|---|
| Outros Autores: | |
| Formato: | Livro |
| Idioma: | Vietnamese |
| Publicado em: |
Đà Nẵng :
Nxb Đà Nẵng,
1993.
|
| Assuntos: | |
| Tags: |
Adicionar Tag
Sem tags, seja o primeiro a adicionar uma tag!
|
| Thư viện lưu trữ: | Mạng thư viện Đại học Đà Nẵng |
|---|
| LEADER | 01000cmm a2200337 i 4500 | ||
|---|---|---|---|
| 001 | 000044822 | ||
| 003 | 3231 | ||
| 005 | 20030818192842.0 | ||
| 008 | 010312b1993 vm 000 vie | ||
| 040 | |a IRC |c IRC |d IRC | ||
| 041 | 0 | |a vie | |
| 082 | 1 | 4 | |a 491.7 |b VU-N |
| 100 | 1 | |a Vũ Thu Ngọc. | |
| 245 | 0 | 0 | |a Phương thức tiền tố đơn thuần cấu tạo tính từ tính chất của tiếng Nga |h [Thesis-Luận văn] / |c Vũ Thu Ngọc thực hiện ; Dương Quốc Cường hướng dẫn. |
| 260 | |a Đà Nẵng : |b Nxb Đà Nẵng, |c 1993. | ||
| 300 | |a 30tr. ; |c 30cm. | ||
| 630 | 0 | 4 | |a Khóa luận. |
| 630 | 0 | 4 | |a Ngữ pháp. |
| 630 | 0 | 4 | |a Nga ngữ. |
| 650 | 0 | 4 | |a Nga ngữ |x Ngữ pháp. |
| 700 | 1 | |a Dương Quốc Cường, |e hướng dẫn. | |
| OWN | |a DUT | ||
| 999 | |a From the UDN01 | ||
| TYP | |a Computer file | ||
| TYP | |a Monograph | ||
| 980 | |a Mạng thư viện Đại học Đà Nẵng | ||